00681nam a2200193Ia 4500003000400000005001700004008004100021020001500062040001800077041000800095082002300103245012600126250001200252260005400264300002800318650008000346650003900426700002200465OSt20250310141847.0210716s2006 xx 000 0 und d a8181478843 cAIMIT LIBRARY aeng a658.4062 21bRAOM aKnowledge management tools and techniques: bpractitioners and experts evaluate km solutions /cEdited by Madanmohan Rao. a1st ed. aNew Delhi :bReed Elsevier India Pvt Ltd ;c2006. axii,438p. ;bPBc22 cm. aBuilding and sustaining communities of practice at ericsson research canada aCreativity the knowledge connector aRao, Madanmohan .